LIBRARY ONLINE CATALOGUE

Human resource management / (Record no. 17363)

MARC details
000 -LEADER
fixed length control field 00741cam a22002412 4500
001 - CONTROL NUMBER
control field 0000024132
003 - CONTROL NUMBER IDENTIFIER
control field OSt
005 - DATE AND TIME OF LATEST TRANSACTION
control field 20181204121149.0
008 - FIXED-LENGTH DATA ELEMENTS--GENERAL INFORMATION
fixed length control field 130613s xx 000 0 eng d
020 ## - INTERNATIONAL STANDARD BOOK NUMBER
International Standard Book Number 8189005049 :
040 ## - CATALOGING SOURCE
Original cataloging agency KABU
Transcribing agency KABU
050 ## - LIBRARY OF CONGRESS CALL NUMBER
Classification number HF5549
Item number .G87 2012 c. 1
100 1# - MAIN ENTRY--PERSONAL NAME
Personal name Gupta, Kapil K..
245 10 - TITLE STATEMENT
Title Human resource management /
Statement of responsibility, etc. Kapil K. Gupta.
250 ## - EDITION STATEMENT
Edition statement 13th ed.
260 ## - PUBLICATION, DISTRIBUTION, ETC. (IMPRINT)
Place of publication, distribution, etc. New Delhi :
Name of publisher, distributor, etc. Saurabh,
Date of publication, distribution, etc. 2012.
300 ## - PHYSICAL DESCRIPTION
Extent 254 p.
650 #0 - SUBJECT ADDED ENTRY--TOPICAL TERM
Topical term or geographic name as entry element Personnel management.
908 ## - PUT COMMAND PARAMETER (RLIN)
Put command parameter 130613
942 ## - ADDED ENTRY ELEMENTS (KOHA)
Source of classification or shelving scheme Library of Congress Classification
Koha item type General Collection
Classification part HF5549
Item part .G87 2012 c. 1
Holdings
Withdrawn status Lost status Source of classification or shelving scheme Not for loan Home library Current library Shelving location Date acquired Cost, normal purchase price Total Checkouts Full call number Barcode Date last seen Date last checked out Copy number Price effective from Koha item type
    Library of Congress Classification   Kabarak, Main Campus Kabarak, Main Campus General Stacks 04/12/2018 3250.00 4 HF5549 .G87 2012 c. 1 024825 02/08/2024 14/02/2024 c. 1 04/12/2018 General Collection